| 000 | 00395nam a22001217a 4500 | ||
|---|---|---|---|
| 082 | _a220 PRO | ||
| 100 |
_aAAMIR,AHSEN,CHANGEZ _971711 |
||
| 245 | _aPR-SOF-1370-IDENTIFICATION AND SOLUTIONS OF PROBLEM OCCURING IN TRESTLE ASSEMBLY OF AM -50 VEHICLE | ||
| 260 |
_aISLAMABAD _bNUST COLLEGE OF EME _c2014 |
||
| 650 |
_aDE-MECH-32 _971712 |
||
| 700 |
_aDR KHALID,RAJA AAMER AZEEM _971713 |
||
| 942 | _cCR | ||
| 999 |
_c578085 _d578085 |
||